|
|
|
|
| LEADER |
01323nam a2200301 a 4500 |
| 001 |
2049373 |
| 008 |
090614s1993 cau b 001 0 eng d |
| 010 |
|
|
|a 93004589
|
| 020 |
|
|
|a 1555425089 (alk. paper)
|
| 040 |
|
|
|a DLC
|c DLC
|d DLC
|
| 082 |
0 |
0 |
|a 658.4/09
|2 20
|
| 100 |
1 |
|
|a Kofodimos, Joan R.
|
| 245 |
1 |
0 |
|a Balancing act :
|b how managers can integrate successful careers and fulfilling personal lives /
|c Joan Kofodimos.
|
| 260 |
|
|
|a San Fransisco, Calif. :
|b Jossey-Bass,
|c c1993.
|
| 300 |
|
|
|a xix, 167 p. ;
|c 24 cm.
|
| 490 |
1 |
|
|a The Jossey-Bass management series
|
| 504 |
|
|
|a Includes bibliographical references (p. 155-162) and index.
|
| 541 |
1 |
|
|e 00007930
|
| 650 |
|
0 |
|a Executives
|x Psychology.
|
| 650 |
|
0 |
|a Workaholics.
|
| 650 |
|
0 |
|a Quality of work life.
|
| 650 |
|
0 |
|a Work and family.
|
| 650 |
|
0 |
|a Self-realization.
|
| 650 |
|
0 |
|a Executives
|z United States
|x Case studies.
|
| 852 |
4 |
|
|a Ayesha Abed Library
|j General shelf
|
| 999 |
|
|
|c 1344
|d 1344
|
| 952 |
|
|
|0 0
|1 4
|2 ddc
|4 0
|6 658_409000000000000_KOF
|7 0
|9 1226
|a BRACUL
|b BRACUL
|c GEN
|d 2009-06-25
|g 0.00
|l 0
|o 658.409 KOF
|p 3010007930
|r 2009-06-25
|t 1
|w 2009-06-25
|y BK
|x No price found in the accession register.
|
| 952 |
|
|
|0 0
|1 0
|2 ddc
|4 0
|6 658_409000000000000_KOF
|7 0
|9 14192
|a BRACUL
|b BRACUL
|c GEN
|d 2011-01-25
|l 2
|m 10
|o 658.409 KOF
|p 3010007931
|r 2020-01-23
|s 2020-01-22
|w 2011-01-25
|y BK
|